00644nam a2200205 a 450000100100000000500170001000800410002702000150006804000250008308200180010810000260012624500450015226000330019730000210023049000570025158600260030865000220033465000260035683000560038200003496020200930074019.0111024s1990 sp a 000 f spa d a843207022X aDO-SdBNPbspacBNPHU a863.44bG146m1 aGala, Antonio,d1936-13aEl manuscrito carmesí /cAntonio Gala. aBarcelona :bPlaneta,c1990. a611 p. ;c21 cm.1 aColección autores españoles e hispanoamericanos. aPremio Planeta, 1990. 4aNovela española 4aLiteratura española 0aColección autores españoles e hispanoamericanos